Specifier (Record no. 79036)

MARC details
000 -LEADER
fixed length control field 01016cab a22002415a 4500
001 - CONTROL NUMBER
control field L139273
008 - FIXED-LENGTH DATA ELEMENTS--GENERAL INFORMATION
fixed length control field 070724e20070720xxka f 000 0 eng d
035 ## - SYSTEM CONTROL NUMBER
System control number (Sirsi) u139273
041 0# - LANGUAGE CODE
Language code of text/sound track or separate title eng
100 1# - MAIN ENTRY--PERSONAL NAME
Personal name Cochrane, Eleanor
245 00 - TITLE STATEMENT
Title Specifier
Remainder of title regulations
260 ## - PUBLICATION, DISTRIBUTION, ETC.
Date of publication, distribution, etc. 2007
490 #0 - SERIES STATEMENT
Series statement Building
Volume/sequential designation 272(8489) 20 July 2007, 62-70(7)
520 ## - SUMMARY, ETC.
Summary, etc. Reports on the use of Sustainable Urban Drainage Systems (SUDS) on new developments, noting barriers to the adoption of SUDS, the five main categories of SUDS, and that SUDS are recommended in several government documents. Also explains the revised CDM Regulations 2007 and lists products to help meet various regulations in the built environment.
590 ## - LOCAL NOTE (RLIN)
Local note KA
650 24 - SUBJECT ADDED ENTRY--TOPICAL TERM
Topical term or geographic name entry element SUSTAINABLE URBAN DRAINAGE SYSTEMS
650 24 - SUBJECT ADDED ENTRY--TOPICAL TERM
Topical term or geographic name entry element CONSTRUCTION (DESIGN AND MANAGEMENT) REGULATIONS 2007
650 24 - SUBJECT ADDED ENTRY--TOPICAL TERM
Topical term or geographic name entry element BUILDING REGULATIONS 2000
651 #4 - SUBJECT ADDED ENTRY--GEOGRAPHIC NAME
Geographic name United Kingdom
Chronological subdivision
690 ## - LOCAL SUBJECT ADDED ENTRY--TOPICAL TERM (OCLC, RLIN)
Topical term or geographic name as entry element BUILT ENVIRONMENT-BUILDING STANDARDS
700 1# - ADDED ENTRY--PERSONAL NAME
Personal name Caplehorn, Peter
942 ## - ADDED ENTRY ELEMENTS (KOHA)
Suppress in OPAC 0
Holdings
Withdrawn status Lost status Source of classification or shelving scheme Damaged status Not for loan Home library Current library Shelving location Date acquired Total Checkouts Full call number Barcode Date last seen Copy number Price effective from Koha item type
    Dewey Decimal Classification     London London Journal article 24/07/2007   L139273 139273-1001 06/08/2019 1 06/08/2019 Journal article